Tiếng Anh điện toán = English for computer
Sách đựoc bố cục thành 8 phần với tổng cộng 29 bài học tiếng Anh về lĩnh vực điện toán, các bài học đựoc thiết kế nhất quán với mỗi bài học sử dụng máy tính cần quan tâm như các phần căn bản của máy tính....
Bewaard in:
| Hoofdauteur: | |
|---|---|
| Formaat: | Boek |
| Taal: | Undetermined |
| Gepubliceerd in: |
Thành phố Hồ Chí Minh
Đại học Sư phạm Thành phố Hồ Chí Minh
2015
|
| Onderwerpen: | |
| Tags: |
Voeg label toe
Geen labels, Wees de eerste die dit record labelt!
|
| Thư viện lưu trữ: | Trung tâm Học liệu Trường Đại học Cần Thơ |
|---|
| LEADER | 01112nam a2200229Ia 4500 | ||
|---|---|---|---|
| 001 | CTU_196931 | ||
| 008 | 210402s9999 xx 000 0 und d | ||
| 020 | |c 70000 | ||
| 082 | |a 428.240285 | ||
| 082 | |b Ng527 | ||
| 100 | |a Hoàng, Nguyên | ||
| 245 | 0 | |a Tiếng Anh điện toán = | |
| 245 | 0 | |b English for computer | |
| 245 | 0 | |c Hoàng Nguyên | |
| 260 | |a Thành phố Hồ Chí Minh | ||
| 260 | |b Đại học Sư phạm Thành phố Hồ Chí Minh | ||
| 260 | |c 2015 | ||
| 520 | |a Sách đựoc bố cục thành 8 phần với tổng cộng 29 bài học tiếng Anh về lĩnh vực điện toán, các bài học đựoc thiết kế nhất quán với mỗi bài học sử dụng máy tính cần quan tâm như các phần căn bản của máy tính. | ||
| 650 | |a Anh ngữ,English language,English language | ||
| 650 | |x Máy tính,Hướng dẫn sự hỗ trợ,Study and teaching,Computer,Assisted instruction. | ||
| 904 | |i Tuyến | ||
| 980 | |a Trung tâm Học liệu Trường Đại học Cần Thơ | ||